Интенсивные технологии возделывания зерновых культур. ... за 1984-1987 гг. (Запись № 5365192)

Подробности
000 -МАРКЕР
контрольное поле 01503nam2a22002771 4500
001 - ИДЕНТИФИКАТОР ЗАПИСИ
контрольное поле rc\470307
005 - ИДЕНТИФИКАТОР ВЕРСИИ
контрольное поле 20210215165725.0
021 ## - НОМЕР ГОСУДАРСТВЕННОЙ РЕГИСТРАЦИИ
Код страны Российская Федерация
Номер КН-П-19-094876
Номер Листа государственной регистраци КН-П-19-6953
035 ## - ДРУГИЕ СИСТЕМНЫЕ НОМЕРА
Идентификатор записи (NLR Aleph) 005808503
100 ## - ДАННЫЕ ОБЩЕЙ ОБРАБОТКИ
Данные общей обработки 20030616d1987 u y0rusy50 ca
101 0# - ЯЗЫК РЕСУРСА
Язык текста, звукозаписи и т.д. русский
102 ## - СТРАНА ПУБЛИКАЦИИ ИЛИ ПРОИЗВОДСТВА
Страна публикации Российская Федерация
105 ## - ПОЛЕ КОДИРОВАННЫХ ДАННЫХ: ТЕКСТОВЫЕ МАТЕРИАЛЫ, МОНОГРАФИЧЕСКИЕ
Кодированные данные о монографическом текстовом документе y |||||||||
200 0# - ЗАГЛАВИЕ И СВЕДЕНИЯ ОБ ОТВЕТСТВЕННОСТИ
Основное заглавие ... за 1984-1987 гг.
Первые сведения об ответственности Составитель Е.С. Зайцева
Последующие сведения об ответственности Редактор Л.В. Чернова
210 ## - ПУБЛИКАЦИЯ, РАСПРОСТРАНЕНИЕ И ДР.
Дата издания, распространения и т.д. 1987
215 ## - ФИЗИЧЕСКАЯ ХАРАКТЕРИСТИКА
Специфическое обозначение материала и объем 82, [1] с.
461 #0 - УРОВЕНЬ НАБОРА
Встроенное поле 001rc\470306
-- 2001#$aИнтенсивные технологии возделывания зерновых культур$eУказ. лит. ...отеч., иностр.$fВНИИТЭИагропром, Центр. науч. с.-х. б-ка ВАСХНИЛ$v... за 1984-1987 гг.
Системный номер (АБИС) связанной записи 5365186
Место публикации М.
Первые сведения об ответственности ВНИИТЭИагропром, Центр. науч. с.-х. б-ка ВАСХНИЛ
Имя издателя, распространителя и т.д. ЦНСХБ
Сведения, относящиеся к заглавию Указ. лит. ...отеч., иностр.
Заглавие Интенсивные технологии возделывания зерновых культур
Номер тома ... за 1984-1987 гг.
702 #1 - ИМЯ ЛИЦА - ВТОРИЧНАЯ ОТВЕТСТВЕННОСТЬ
Код отношения Составитель
Графика поля Кириллица
Материалы, к которым относится поле rus
Начальный элемент ввода Зайцева
Часть имени, кроме начального элемента ввода Е. С
Дополнения к именам, кроме дат библиограф
Системный номер авторитетной/нормативной записи 226761
Идентификатор авторитетной/нормативной записи RU\NLR\AUTH\770226817
702 #1 - ИМЯ ЛИЦА - ВТОРИЧНАЯ ОТВЕТСТВЕННОСТЬ
Код отношения Редактор
Графика поля Кириллица
Материалы, к которым относится поле rus
Начальный элемент ввода Чернова
Часть имени, кроме начального элемента ввода Л. В.
Дополнения к именам, кроме дат библиограф
Даты 1935-
Расширение инициалов личного имени Лилия Васильевна
Системный номер авторитетной/нормативной записи 226471
Идентификатор авторитетной/нормативной записи RU\NLR\AUTH\770226527
801 #0 - ИСТОЧНИК ЗАПИСИ
Страна Российская Федерация
Организация NLR
Правила каталогизации psbo
801 #1 - ИСТОЧНИК ЗАПИСИ
Страна Российская Федерация
Организация ELAR
Источник данных rusmarc
852 ## - МЕСТОНАХОЖДЕНИЕ И ШИФР ХРАНЕНИЯ
Идентификатор организации NLR
Наименование фонда или коллекции (Sub-Location Identifier) С
Шифр хранения (Call Number) К-1/4242
942 ## - ДОПОЛНИТЕЛЬНЫЕ ЭЛЕМЕНТЫ ЗАПИСИ (АБИС)
Тип экземпляра АБИС Книга
980 ## - КОЛЛЕКЦИЯ
Название коллекции Национальная библиография
Экземпляры
Тип экземпляра Дата поступления Библиотека постоянного хранения Библиотека текущего хранения Место хранения Шифр хранения Штрих-код Статус экземпляра Источник поступления Стоимость
Книга 26.10.2013 РНБ (Московский) РНБ (Московский) Центральная справочная библиотека С К-1/4242 1-3333696      
Книга 18.07.2021 РНБ (Московский) РНБ (Московский) Центральная справочная библиотека С 2020-5/82 1-3333697   Обязательный экземпляр 0.00